00377nam a2200145Ia 4500003000400000005001700004008004100021020001500062040000900077082002000086100002400106245005100130260004100181300000900222OSt20201008130700.0190216s9999||||xx |||||||||||||| ||und|| a8177222058 coclc a005.7565bCOP/A aCopestake, Stephen  0aAccess 2002 In Easy Steps /cStephen Copestake bDream Tech Press,c2001.aNew Delhi: a186p